| 000 | 01183cam a2200337 i 4500 | ||
|---|---|---|---|
| 999 |
_c10034 _d10034 |
||
| 001 | 10034 | ||
| 003 | BD-JhCC | ||
| 005 | 20180404182953.0 | ||
| 008 | 180404s1978 enkaf 001 0beng | ||
| 020 |
_a0491023235 : _c£5.50 |
||
| 035 | _a(BD-JhCC)10034 | ||
| 040 |
_aDLC _cDLC _dDLC _dBD-JhCC |
||
| 041 | 1 | _aengger | |
| 050 | 0 | 0 |
_aCB18.D33 _bK713 |
| 082 | 0 | 0 |
_a001.9/3/0924 _aB _bKRA 1978 |
| 100 | 1 |
_aKrassa, Peter, _d1938- |
|
| 240 | 1 | 0 | _aDäniken intim. |
| 245 | 1 | 0 |
_aDisciple of the gods : _ba biography of Erich von Däniken / _cby Peter Krassa ; translated by David Koblick. |
| 260 |
_aLondon : _bAllen, _c1978. |
||
| 300 |
_a158 p., [8] leaves of plates : _bill. ; _c23 cm. |
||
| 500 | _aTranslation of Däniken intim. | ||
| 500 | _aSpine title: Erich von Däniken, disciple of the gods. | ||
| 500 | _aIncludes addendum, This is how it was, by Erich von Däniken. | ||
| 500 | _aIncludes index. | ||
| 600 | 1 | 0 |
_aDaniken, Erich von, _d1935- |
| 650 | 0 |
_aHistorians _zSwitzerland _xBiography. |
|
| 700 | 1 | 2 |
_aDäniken, Erich von, _d1935- _tSo war es wirklich. English. 1978. |
| 740 | _aErich von Däniken, disciple of the gods. | ||
| 942 |
_2ddc _cREF |
||